Door-a Explore-a Quiz Stats

 Plays Quiz not verified by Sporcle

Score 0/8 Timer 02:00
0 Plays Today
% Correct
Open
100%
Close
100%
Lock
75%
Unlock
75%
Knock
66.7%
Leave Ajar
58.3%
Push
33.3%
Pull
33.3%

You're not logged in!

Compare scores with friends on all Sporcle quizzes.
OR
Log In

Show Comments

Extras

Created Jul 4, 2015ReportNominate
Tags:door

Top Quizzes Today


Score Distribution

Your Account Isn't Verified!

In order to create a playlist on Sporcle, you need to verify the email address you used during registration. Go to your Sporcle Settings to finish the process.

Report this User

Report this user for behavior that violates our Community Guidelines.

Details: